000 00374nam a2200121 4500
999 _c12188
_d12188
008 190118b ||||| |||| 00| 0 eng d
100 _934509
_aComanda, Zaldy
245 _aRehabilitation of Banaue rice terraces pushed/
_cZaldy Comanda
260 _aPhilippines
_bManila Bulletin
_cc2018
300 _apage 3.
650 0 _934513
_aEnvironmental protection.
942 _2ddc
_cPER